UBT Library

Medical parasitology / (Record no. 41411)

000 -LEADER
fixed length control field 00612pam a2200229 a 4500
001 - CONTROL NUMBER
control field 4751282
005 - DATE AND TIME OF LATEST TRANSACTION
control field 20180131090351.0
008 - FIXED-LENGTH DATA ELEMENTS--GENERAL INFORMATION
fixed length control field 850719s1986 paua b 001 0 eng c
010 ## - LIBRARY OF CONGRESS CONTROL NUMBER
LC control number 85018272
020 ## - INTERNATIONAL STANDARD BOOK NUMBER
International Standard Book Number 072161857X
040 ## - CATALOGING SOURCE
Original cataloging agency DNLM/DLC
Transcribing agency DLC
Modifying agency DLC
041 ## - LANGUAGE CODE
Language code of text/sound track or separate title eng
060 ## - NATIONAL LIBRARY OF MEDICINE CALL NUMBER
Classification number QX 4 M345d
080 ## - UNIVERSAL DECIMAL CLASSIFICATION NUMBER
Universal Decimal Classification number 616.96 MAR
082 00 - DEWEY DECIMAL CLASSIFICATION NUMBER
Classification number 616.96 MAR
Edition number 19
100 1# - Rafti
Rafti 3
101 ## - Shkurtesa
Shkurtesa MJE
245 10 - TITLE STATEMENT
Title Medical parasitology /
Statement of responsibility, etc Edward K. Markell, Marietta Voge, David J. John.
504 ## - BIBLIOGRAPHY, ETC. NOTE
Bibliography, etc Includes bibliographies and index.
906 ## - LOCAL DATA ELEMENT F, LDF (RLIN)
a 7
b cbc
c orignew
d 1
e ocip
f 19
g y-gencatlg
942 ## - ADDED ENTRY ELEMENTS (KOHA)
Source of classification or shelving scheme
Item type Books
Holdings
Withdrawn status Lost status Source of classification or shelving scheme Damaged status Not for loan Collection code Permanent location Current location Shelving location Date acquired Total Checkouts Full call number Barcode Date last seen Price effective from Koha item type
          Koleksioni i përgjithshem UBT - Lipjan UBT - Lipjan Koleksioni i përgjithshem 01/31/2018   616.96 MAR 002-2998032 01/31/2018 01/31/2018 Books
UBT Library © 2015-2024. All rights reserved University Education for Business and Technology